| 000 | 01055nam a22002897a 4500 | ||
|---|---|---|---|
| 003 | EG-ScBUE | ||
| 005 | 20221030132313.0 | ||
| 008 | 140407t1964 enkeo f b 001 0 eng d | ||
| 020 | _a9780226114552 | ||
| 020 | _a0226114554 | ||
| 040 |
_aEG-ScBUE _beng _erda _cEG-ScBUE _dEG-ScBUE |
||
| 043 | _an-us-il | ||
| 082 | 0 | 4 |
_222 _a720.977311 _bCON |
| 100 | 1 |
_935898 _aCondit, Carl W., _eauthor. |
|
| 245 | 1 | 4 |
_aThe Chicago school of architecture : _ba history of commercial and public bulding in the Chicago area, 1875-1925 / _cCarl W. Condit. |
| 264 | 1 |
_aChicago ; _aLondon : _bUniversity of Chicago Press, _c[1964] |
|
| 264 | 4 | _cc1964 | |
| 300 |
_axviii, 238 pages : _bphotographs, plans ; _c24 cm |
||
| 336 |
_2rdacontent _atext _btxt |
||
| 337 |
_2rdamedia _aunmediated _bn |
||
| 338 |
_2rdacarrier _avolume _bnc |
||
| 504 | _aIncludes bibliographical references and index. | ||
| 650 | 7 |
_aArchitecture _zIllinois _zChicago _y19th-20th centuries. _2BUEsh _935900 |
|
| 653 |
_bENGARC _cApril2014 |
||
| 655 | _vReading book | ||
| 942 |
_2ddc _k720.977311 CON _cBB |
||
| 999 |
_c18216 _d18188 |
||